| 000 | 01918 a2200253 4500 | ||
|---|---|---|---|
| 003 | UA-OsUOA | ||
| 005 | 20210206114756.0 | ||
| 008 | 191119b un ||||| |||| 00| 0 ukr d | ||
| 020 | _a9789664399330 | ||
| 040 |
_aUA-OsUOA _bukr _cUA-OsUOA _dUA-OsUOA |
||
| 041 | _aukr | ||
| 080 | _a82.09(075.8) | ||
| 090 |
_a82.09(075.8) _bБ72 |
||
| 100 | _aБовсунівська Т. В. | ||
| 245 |
_aЖанрологія. Теорія роману _bнавч. посіб. _cТ. В. Бовсунівська |
||
| 260 |
_bВПЦ Київський університет _c2017 _aК. |
||
| 300 | _a447 с. | ||
| 520 | _aНавчальний посібник висвітлює різні жанрові концепції ХХ-ХХІ ст., які найповніше презентують жанрове мислення сучасної людини. Крім того, у ньому наведено докладний аналіз найпоширеніших жанрових модифікацій сучасного роману (гіпертекстуальний, параболічний, духовний, автобіографічний, пост-колоніальний, екфрастичний тощо) та розглядаються численні трансформації і модифікації роману як наслідок анаморфічного ідеологічного перетворення жанру. Для студентів, викладачів та всіх, кого цікавить теорія жанрів та сучасний стан жанрової системи. | ||
| 650 |
_a82 Література. Літературознавство _2UDC |
||
| 700 | 1 | _aБовсунівська Т. В. | |
| 942 |
_cBK _2udc |
||
| 955 | _a2 | ||
| 999 |
_c442846 _d442846 |
||